Sports Quiz

Random Sports Quiz

MLB.com Top Fantasy Pick per Team Quiz Stats

 Plays Quiz not verified by Sporcle

Support Sporcle.
Go Orange.
Score 0/30 Timer 06:00
0 Plays Today
Team Player % Correct
Florida MarlinsHanley Ramirez
92.9%
St. Louis CardinalsAlbert Pujols
89.5%
Detroit TigersMiguel Cabrera
87.8%
Boston Red SoxAdrian Gonzalez
87.4%
Tampa Bay RaysEvan Longoria
87.4%
Cincinnati RedsJoey Votto
86.6%
Philadelphia PhilliesRoy Halladay
84.9%
New York MetsDavid Wright
84%
Milwaukee BrewersRyan Braun
84%
New York YankeesRobinson Cano
83.6%
Minnesota TwinsJoe Mauer
83.6%
Texas RangersJosh Hamilton
83.2%
Baltimore OriolesAdam Jones
81.1%
San Francisco GiantsTim Lincecum
80.3%
Colorado RockiesTroy Tulowitzki
79%
Team Player % Correct
Washington NationalsRyan Zimmerman
78.6%
Toronto Blue JaysJose Bautista
77.3%
Seattle MarinersFelix Hernandez
77.3%
Los Angeles DodgersMatt Kemp
74.8%
Arizona DiamondbacksJustin Upton
64.3%
Pittsburgh PiratesAndrew McCutchen
58.8%
Cleveland IndiansShin-Soo Choo
56.7%
Kansas City RoyalsJoakim Soria
56.3%
Houston AstrosHunter Pence
55.5%
Chicago White SoxAdam Dunn
54.2%
Los Angeles AngelsKendry Morales
51.3%
Atlanta BravesDan Uggla
39.1%
Chicago CubsCarlos Marmol
37.4%
San Diego PadresHeath Bell
36.1%
Oakland AthleticsBrett Anderson
31.1%

You're not logged in!

Compare scores with friends on all Sporcle quizzes.
OR
Log In

From the Vault

Final Fantasy Characters - Male or Female?

by goosedevil

'Humanity's great frailty? We prefer past happiness to future uncertainty...'
Remove Ads.
Support Sporcle.
Get the best of Sporcle when you Go Orange. This ad-free experience offers more features, more stats, and more fun while also helping to support Sporcle. Thank you for becoming a member.

Show Comments

Extras

Created Feb 17, 2011ReportNominate
Tags:Fantasy, Overall, Player, team, Top Fantasy

Top Quizzes Today


Score Distribution

Your Account Isn't Verified!

In order to create a playlist on Sporcle, you need to verify the email address you used during registration. Go to your Sporcle Settings to finish the process.

Report this User

Report this user for behavior that violates our Community Guidelines.

Details: